000 00306nam a22001337a 4500
008 190305b xxu||||| |||| 00| 0 eng d
020 _a9780136298410
041 _aeng
080 _a004
100 _a28
101 _aSHK
245 _aObject-Oriented modeling and design
_cRumbaugh,J
942 _2udc
_cBK
999 _c54543
_d54543